000
00315nam a22001337a 4500
008
230619b xxu||||| |||| 00| 0 eng d
020
_a
0750623098
082
_a
005.8
_b
STE
100
_c
Moira Stephen
245
_a
Access for windows 3.1 made simple
260
_b
oxford
_c
1995
300
_a
149p
942
_2
ddc
_c
BK
999
_c
1220
_d
1220